| 000 | 003470000a22001450004500 | ||
|---|---|---|---|
| 001 | 001773 | ||
| 003 | MACL | ||
| 040 | _aMACL | ||
| 090 |
_c13766 _d13765 |
||
| 100 | _aBhatt, G.P. | ||
| 245 |
_aAncient Indian Tradition & Mythology PartV̜ _cG.P. Bhatt |
||
| 260 |
_aMotilal Banarsidass Publishers, _c1994 |
||
| 650 | _aReligion | ||
| 942 |
_k295 _cBook |
||
| 999 |
_c13689 _d13689 |
||